000
00304nam a2200121 a 4500
005
20141022142007.0
008
081002s19uu xx 00 eng d
050
_a
VCD
_b
J57 1996
245
_a
JFK : the end of camelet.
650
_a
VCD.
650
_a
The end of camelet. FICTION-HISTORY
942
_c
AVM
999
_c
276541
_d
276541